[Event "Madrid-ch Previa A"]
[Site "Madrid ESP"]
[Date "2016.02.22"]
[Round "7.2"]
[White "Corral Aragon, Juan Maria"]
[Black "Ruiz Quevedo, Andres"]
[Result "0-1"]
[WhiteElo "1841"]
[BlackElo "1902"]
[PlyCount "84"]
[EventDate "2016.02.08"]
[EventType "swiss"]
[EventRounds "9"]
[EventCountry "ESP"]
[SourceDate "2016.02.08"]

1. e4 c5 2. Nf3 g6 3. d4 cxd4 4. Qxd4 Nf6 5. e5 Nc6 6. Qa4 Nd5 7. c4 Nc7 8. Nc3
Bg7 9. Be3 O-O 10. O-O-O Ne6 11. Rd5 a6 12. Be2 Nc7 13. Bb6 d6 14. Rhd1 Bf5 15.
exd6 Nxd5 16. Bxd8 Bh6+ 17. Nd2 Nxc3 18. bxc3 Rfxd8 19. Kb2 Rxd6 20. Nf3 Re6
21. Bf1 b5 22. cxb5 Rb8 23. Bc4 axb5 24. Bxb5 Re2+ 25. Ka1 Bc2 26. Qh4 Bg7 27.
Rd4 Rxb5 28. a4 Rb1+ 29. Ka2 Nxd4 30. Nxd4 Bxd4 31. Qxd4 Bf5+ 32. Ka3 Ra1+ 33.
Kb4 f6 34. c4 Rb1+ 35. Ka5 Re5+ 36. c5 Rc1 37. Kb6 Rcxc5 38. g4 Be4 39. f4 Rc6+
40. Ka7 Ra5+ 41. Kb8 Ra8+ 42. Kxa8 Rc4+ 0-1

[Event "Madrid-ch Previa A"]
[Site "Madrid ESP"]
[Date "2016.02.22"]
[Round "7.3"]
[White "Fernandez Rios, Jose Francisco"]
[Black "Corredor San Jose, Antonio"]
[Result "0-1"]
[WhiteElo "1778"]
[BlackElo "1792"]
[PlyCount "63"]
[EventDate "2016.02.08"]
[EventType "swiss"]
[EventRounds "9"]
[EventCountry "ESP"]
[SourceDate "2016.02.08"]

1. d4 Nf6 2. c4 g6 3. Nc3 d5 4. Nf3 Bg7 5. Bg5 c6 6. e3 O-O 7. c5 Bf5 8. Bd3
Bxd3 9. Qxd3 Nbd7 10. O-O Re8 11. b4 Nf8 12. b5 Ne6 13. Bxf6 Bxf6 14. bxc6 bxc6
15. Rab1 Qd7 16. Rb3 Reb8 17. Rfb1 Qc7 18. Qa6 Nxc5 19. Rxb8+ Rxb8 20. Rxb8+
Qxb8 21. Qa3 Ne4 22. Ne2 Qb1+ 23. Nc1 c5 24. g3 c4 25. Ne1 c3 26. Ned3 Qc2 27.
Qb3 Qd2 28. Qb1 e6 29. Nb3 Qe2 30. Nbc5 Nxc5 31. dxc5 c2 32. Qb5 0-1

[Event "Madrid-ch Previa A"]
[Site "Madrid ESP"]
[Date "2016.02.22"]
[Round "7.4"]
[White "Fernandez Aransay, Fernando"]
[Black "Garcia Diez, Mariano"]
[Result "0-1"]
[WhiteElo "1800"]
[BlackElo "1902"]
[PlyCount "52"]
[EventDate "2016.02.08"]
[EventType "swiss"]
[EventRounds "9"]
[EventCountry "ESP"]
[SourceDate "2016.02.08"]

1. e4 d5 2. exd5 Qxd5 3. Nf3 Bf5 4. Be2 Nf6 5. O-O e6 6. d4 c6 7. c4 Qa5 8. Nc3
Nbd7 9. a3 Bd6 10. Bg5 Ne4 11. Nxe4 Bxe4 12. Bd2 Qf5 13. Qb3 O-O-O 14. Qe3 Be7
15. b4 h6 16. d5 c5 17. bxc5 Bxc5 18. Qb3 exd5 19. Bb4 d4 20. Bxc5 Nxc5 21. Qb5
d3 22. Bd1 g5 23. Re1 Bc6 24. Qb2 Rhe8 25. Ne5 d2 26. Bg4 Qxg4 0-1

[Event "Madrid-ch Previa A"]
[Site "Madrid ESP"]
[Date "2016.02.22"]
[Round "7.5"]
[White "Martin Garcia, Francisco Javie"]
[Black "Pashov, Spas Nikolov"]
[Result "1/2-1/2"]
[WhiteElo "1553"]
[BlackElo "1774"]
[PlyCount "102"]
[EventDate "2016.02.08"]
[EventType "swiss"]
[EventRounds "9"]
[EventCountry "ESP"]
[SourceDate "2016.02.08"]

1. e4 e5 2. Nf3 Nc6 3. Bc4 Bc5 4. O-O d6 5. c3 Nf6 6. d4 Bb6 7. dxe5 Nxe5 8.
Nxe5 dxe5 9. Qxd8+ Kxd8 10. Bxf7 Nxe4 11. Bd5 Nf6 12. Bg5 c6 13. Bb3 Bf5 14.
Nd2 h6 15. Bh4 g5 16. Bg3 Re8 17. Nc4 Nd7 18. Nd6 Rf8 19. Nxf5 Rxf5 20. Rad1
Ke7 21. Bc2 Rf6 22. Rd2 Bc7 23. f3 Rd6 24. Rfd1 Rxd2 25. Rxd2 Rd8 26. Re2 Kf6
27. h4 Nc5 28. hxg5+ hxg5 29. Bf2 Bb6 30. g3 Nd7 31. Kg2 Bxf2 32. Kxf2 Nb6 33.
Bb3 Rd3 34. Bc2 Rd8 35. g4 Rh8 36. Bb3 Rh2+ 37. Ke3 Rxe2+ 38. Kxe2 Nc8 39. Bc2
Nd6 40. Bd3 Ke6 41. Ke3 b6 42. b3 b5 43. c4 b4 44. Bc2 c5 45. Bb1 Kf6 46. Bh7
Kg7 47. Be4 Kf6 48. Kd2 Nxe4+ 49. fxe4 Ke6 50. Kc2 Kd6 51. Kb2 a5 1/2-1/2

[Event "Madrid-ch Previa A"]
[Site "Madrid ESP"]
[Date "2016.02.22"]
[Round "7.6"]
[White "Ruiz Sanchez, Roberto"]
[Black "Marin Aso, Jose Luis"]
[Result "1/2-1/2"]
[WhiteElo "1965"]
[BlackElo "1846"]
[PlyCount "92"]
[EventDate "2016.02.08"]
[EventType "swiss"]
[EventRounds "9"]
[EventCountry "ESP"]
[SourceDate "2016.02.08"]

1. e4 c6 2. d4 d5 3. Nc3 dxe4 4. Nxe4 Bf5 5. Ng3 Bg6 6. h4 h6 7. Nf3 Nf6 8. h5
Bh7 9. Bd3 Bxd3 10. Qxd3 e6 11. Bd2 Be7 12. O-O-O O-O 13. Kb1 c5 14. Qe2 Qc7
15. Ne4 cxd4 16. Nxd4 Qe5 17. Nxf6+ Bxf6 18. Qxe5 Bxe5 19. Be3 Bxd4 20. Rxd4
Nc6 21. Rd7 Rab8 22. Rhd1 a6 23. Bb6 Ne5 24. Rc7 Rfd8 25. Rxd8+ Rxd8 26. Kc1
Rd7 27. f3 Rxc7 28. Bxc7 Nd7 29. Kd2 f5 30. Bd8 Kf7 31. c4 e5 32. b4 Nf6 33.
Bxf6 gxf6 34. Ke3 f4+ 35. Kf2 f5 36. g3 fxg3+ 37. Kxg3 a5 38. a3 a4 39. Kf2 Ke6
40. Ke3 Kd6 41. Kd3 Kc6 42. Kc2 Kd6 43. Kd3 Kc6 44. Kc3 b6 45. Kd3 Kd6 46. Kc2
Kc6 1/2-1/2

[Event "Madrid-ch Previa A"]
[Site "Madrid ESP"]
[Date "2016.02.22"]
[Round "7.7"]
[White "Hernandez Garcia, Carlos"]
[Black "Roldan Garcia, Angel"]
[Result "0-1"]
[WhiteElo "1737"]
[BlackElo "1838"]
[PlyCount "84"]
[EventDate "2016.02.08"]
[EventType "swiss"]
[EventRounds "9"]
[EventCountry "ESP"]
[SourceDate "2016.02.08"]

1. e4 c5 2. Nf3 e6 3. d4 cxd4 4. Nxd4 Nc6 5. Nc3 Qc7 6. Ndb5 Qb8 7. f4 a6 8.
Nd4 b5 9. Be3 Bb7 10. f5 e5 11. Nf3 Nf6 12. Bd3 Bb4 13. a3 Bxc3+ 14. bxc3 Ne7
15. Nd2 d5 16. Bc5 dxe4 17. Bxe7 Kxe7 18. Be2 Rd8 19. Qb1 Qd6 20. Qb4 Rac8 21.
O-O-O Qxb4 22. cxb4 Rc3 23. Nb3 Nd7 24. Kb2 Rdc8 25. Nc5 Nxc5 26. Kxc3 Nd3+ 27.
Kd2 Nf2 28. Kc1 Nxh1 29. Rxh1 Rc3 30. Kb2 Re3 31. Re1 Bd5 32. a4 bxa4 33. Rd1
a3+ 34. Ka1 Bb7 35. Rd2 Rc3 36. Bd1 e3 37. Re2 Be4 38. g4 Bf3 39. Re1 Bxd1 40.
Rxd1 e2 41. Re1 Rxc2 42. Kb1 Rd2 0-1

[Event "Madrid-ch Previa A"]
[Site "Madrid ESP"]
[Date "2016.02.22"]
[Round "7.8"]
[White "Galan Aguado, Fernando"]
[Black "Cabañas Bravo, Juan Andres"]
[Result "0-1"]
[WhiteElo "1738"]
[BlackElo "2006"]
[PlyCount "90"]
[EventDate "2016.02.08"]
[EventType "swiss"]
[EventRounds "9"]
[EventCountry "ESP"]
[SourceDate "2016.02.08"]

1. d4 Nf6 2. Nf3 d5 3. e3 g6 4. Be2 Bg7 5. O-O O-O 6. c4 Nbd7 7. Nc3 dxc4 8.
Bxc4 c5 9. d5 Nb6 10. Bb3 c4 11. Bc2 Nfxd5 12. Nxd5 Nxd5 13. Qe2 Qc7 14. Rd1
Nb6 15. a4 a5 16. Nd4 Bd7 17. Bd2 f5 18. Bc3 Rfc8 19. Qd2 Qc5 20. h3 h6 21. Ne2
e5 22. Kf1 Kh7 23. Ng1 Bc6 24. Qd6 Qxd6 25. Rxd6 Nd5 26. Be1 e4 27. Rb1 Re8 28.
Rd1 Nb4 29. Bxb4 axb4 30. b3 Be5 31. R6d2 c3 32. Rd4 Bxd4 33. Rxd4 Red8 34. Ne2
Rxd4 35. Nxd4 Bd7 36. Ke2 Rc8 37. f3 exf3+ 38. Nxf3 Rc5 39. Nd4 b5 40. a5 Rc7
41. Bd3 Ra7 42. Nc2 Rxa5 43. Nxb4 Be6 44. Bc2 Ra3 45. Kd3 Bxb3 0-1

[Event "Madrid-ch Previa A"]
[Site "Madrid ESP"]
[Date "2016.02.22"]
[Round "7.9"]
[White "Camacho Casado, Demetrio"]
[Black "Ortega Morales, Pedro"]
[Result "1-0"]
[WhiteElo "1909"]
[BlackElo "1751"]
[PlyCount "123"]
[EventDate "2016.02.08"]
[EventType "swiss"]
[EventRounds "9"]
[EventCountry "ESP"]
[SourceDate "2016.02.08"]

1. e4 e5 2. Nf3 Nc6 3. Nc3 Bb4 4. Bc4 Nf6 5. d3 O-O 6. a3 Bxc3+ 7. bxc3 h6 8.
h3 d5 9. exd5 Nxd5 10. Bd2 Nb6 11. Ba2 Re8 12. O-O Be6 13. Bxe6 Rxe6 14. Re1
Qe7 15. Re3 Rd8 16. Qe2 Nd5 17. Re4 f5 18. Rh4 e4 19. Re1 Re8 20. c4 Nb6 21. d4
Rg6 22. c5 exf3 23. Qxe7 Rxe7 24. cxb6 Rxe1+ 25. Bxe1 axb6 26. d5 Ne5 27. Bc3
Rxg2+ 28. Kf1 Nd7 29. Rf4 Rg6 30. Rxf3 Rg5 31. Rd3 f4 32. Ke2 Nc5 33. Rd4 Rf5
34. Kf3 Nd7 35. d6 c5 36. Re4 Kf8 37. Re6 b5 38. Ke4 Rf7 39. Kd5 Rf5+ 40. Ke4
Rf7 41. f3 Nb6 42. Bd2 Nc4 43. Bc1 Rd7 44. Kd5 Kf7 45. Re7+ Rxe7 46. dxe7 b6
47. Kc6 Kxe7 48. Kxb5 Ne5 49. Bxf4 Nxf3 50. Kxb6 Ne1 51. c4 g5 52. Be3 Nd3 53.
a4 Nb2 54. Bxc5+ Kd7 55. Kb5 h5 56. a5 Kc7 57. Be3 g4 58. hxg4 hxg4 59. Bf4+
Kb7 60. c5 Nd3 61. c6+ Kc8 62. Bg3 1-0

[Event "Madrid-ch Previa A"]
[Site "Madrid ESP"]
[Date "2016.02.22"]
[Round "7.10"]
[White "Calvo De Castro, Miguel"]
[Black "Lozano Sanchez, Jose Antonio"]
[Result "1-0"]
[WhiteElo "1773"]
[BlackElo "1883"]
[PlyCount "135"]
[EventDate "2016.02.08"]
[EventType "swiss"]
[EventRounds "9"]
[EventCountry "ESP"]
[SourceDate "2016.02.08"]

1. e4 e5 2. Nf3 Nc6 3. Bb5 Bc5 4. Bxc6 dxc6 5. d3 Nf6 6. Bg5 h6 7. Bh4 Qd6 8.
Nbd2 Bg4 9. h3 Bh5 10. g4 Bg6 11. Nc4 Qe6 12. Nfxe5 Bh7 13. f4 O-O-O 14. Qe2
Bd6 15. f5 Qe8 16. Nf3 Be7 17. O-O-O Nd7 18. Bxe7 Qxe7 19. e5 Qb4 20. Qd2 Qb5
21. Qa5 Qd5 22. Rhf1 a6 23. Qxd5 cxd5 24. Ncd2 c5 25. d4 c4 26. Nh4 b5 27. Rde1
Rhe8 28. a3 Kc7 29. Ng2 Kc6 30. Nf4 Re7 31. e6 Rde8 32. Nf3 fxe6 33. fxe6 Nf8
34. Re5 Be4 35. Nd2 g5 36. Nxe4 dxe4 37. Nh5 Ng6 38. Rxe4 Rxe6 39. Rxe6+ Rxe6
40. Rf6 Rxf6 41. Nxf6 Nf4 42. Ng8 Ne2+ 43. Kd1 Nxd4 44. Nxh6 Kd5 45. Nf7 Ne6
46. Kd2 Ke4 47. Kc3 Kf4 48. Kb4 Nd4 49. c3 Nb3 50. a4 Nc1 51. axb5 axb5 52.
Kxb5 Nd3 53. Kxc4 Nxb2+ 54. Kd4 Na4 55. c4 Nb6 56. c5 Nc8 57. Kd5 Ne7+ 58. Kd6
Nc8+ 59. Kd7 Na7 60. c6 Kg3 61. c7 Kxh3 62. Nh6 Kg3 63. c8=Q Nxc8 64. Kxc8 Kf4
65. Kd7 Ke5 66. Ke7 Ke4 67. Kf6 Kf4 68. Kg6 1-0

[Event "Madrid-ch Previa A"]
[Site "Madrid ESP"]
[Date "2016.02.22"]
[Round "7.11"]
[White "Santos Garay-Cordovil, Salvado"]
[Black "Valencia De Loma, Sergio"]
[Result "0-1"]
[WhiteElo "1873"]
[BlackElo "1672"]
[PlyCount "70"]
[EventDate "2016.02.08"]
[EventType "swiss"]
[EventRounds "9"]
[EventCountry "ESP"]
[SourceDate "2016.02.08"]

1. d4 Nf6 2. c4 c5 3. d5 b5 4. cxb5 a6 5. e3 g6 6. Nc3 Bg7 7. Nf3 O-O 8. a4 Qa5
9. Bd2 d6 10. Ra3 Bb7 11. Be2 Qc7 12. Qb3 Nbd7 13. e4 Rfb8 14. O-O a5 15. Qc2
Nb6 16. Nd1 e6 17. dxe6 fxe6 18. Ng5 Re8 19. Bf3 d5 20. e5 Nfd7 21. Bg4 Nf8 22.
Rf3 Bxe5 23. Rf7 Re7 24. Rxf8+ Kxf8 25. Nxe6+ Rxe6 26. Bxe6 Bxh2+ 27. Kh1 Nc4
28. Bh6+ Ke7 29. Re1 Kf6 30. Qc3+ Be5 31. Qh3 Bc8 32. Bxc8 Qxc8 33. Qf3+ Qf5
34. Qxd5 Qh5+ 35. Kg1 Bh2+ 0-1

[Event "Madrid-ch Previa A"]
[Site "Madrid ESP"]
[Date "2016.02.22"]
[Round "7.12"]
[White "Perez Cameselle, Francisco Jose"]
[Black "Serrano Gonzalez, Oscar"]
[Result "1-0"]
[WhiteElo "1858"]
[BlackElo "1718"]
[PlyCount "119"]
[EventDate "2016.02.08"]
[EventType "swiss"]
[EventRounds "9"]
[EventCountry "ESP"]
[SourceDate "2016.02.08"]

1. Nf3 Nf6 2. g3 g6 3. Bg2 Bg7 4. O-O c5 5. d3 Nc6 6. Nbd2 O-O 7. e4 d6 8. c3
Bd7 9. a4 Rc8 10. Nc4 Be6 11. Qe2 Bxc4 12. dxc4 Nd7 13. Be3 Na5 14. Nd2 Nb6 15.
Qd3 Qd7 16. f4 Bh6 17. b3 Bg7 18. Rac1 Nc6 19. Nf3 Bh6 20. Rfd1 Rfd8 21. Qf1
Qe8 22. Bh3 Rb8 23. Qe2 e6 24. Rd3 Na5 25. Nd2 Qe7 26. Qf2 Rbc8 27. f5 Bxe3 28.
Rxe3 Nd7 29. Rf1 Ne5 30. f6 Qf8 31. Qf4 Nac6 32. g4 a5 33. g5 Re8 34. Bg2 Kh8
35. Rh3 Qg8 36. Rh6 Rc7 37. Nf3 Rcc8 38. Rd1 Rcd8 39. Ne1 Rd7 40. Nc2 Rc8 41.
Ne3 Rdd8 42. h4 Rc7 43. Kh2 Rcd7 44. Kg3 Rc7 45. h5 Rdd7 46. Qh4 Rd8 47. Rh1
Rdd7 48. hxg6 fxg6 49. Bh3 Nd8 50. Ng4 Nef7 51. Bg2 Nxh6 52. Nxh6 Qf8 53. Ng4
Nc6 54. e5 dxe5 55. Be4 Qf7 56. Bxc6 Rxc6 57. Nxe5 Rd3+ 58. Nxd3 Qg8 59. Ne5
Rc7 60. Qh6 1-0

[Event "Madrid-ch Previa A"]
[Site "Madrid ESP"]
[Date "2016.02.22"]
[Round "7.13"]
[White "Boni De Aristizabal, Marco"]
[Black "Martin-Consuegra Barrilero, Francisco Javier"]
[Result "0-1"]
[WhiteElo "1735"]
[BlackElo "1805"]
[PlyCount "118"]
[EventDate "2016.02.08"]
[EventType "swiss"]
[EventRounds "9"]
[EventCountry "ESP"]
[SourceDate "2016.02.08"]

1. e4 d6 2. d4 Nf6 3. Bd3 e5 4. c3 c6 5. Ne2 Be7 6. O-O Bg4 7. h3 Bxe2 8. Qxe2
Nbd7 9. Be3 O-O 10. Nd2 Qc7 11. f4 a6 12. g4 b5 13. g5 Ne8 14. f5 f6 15. g6
hxg6 16. fxg6 f5 17. exf5 Nef6 18. Bg5 Rfe8 19. Qf2 exd4 20. cxd4 d5 21. Bf4
Bd6 22. Bxd6 Qxd6 23. Rae1 c5 24. dxc5 Nxc5 25. Bb1 Nce4 26. Nxe4 dxe4 27. Rd1
Qc7 28. Rfe1 Re5 29. Rc1 Qd7 30. Rc5 Rae8 31. Rxe5 Rxe5 32. Qf4 Qxf5 33. Qxf5
Rxf5 34. Re2 Rg5+ 35. Rg2 Rd5 36. Bc2 Rd4 37. Kf1 Kf8 38. Re2 Ke7 39. Kf2 Kd6
40. Ke3 Kc5 41. Rd2 Nd5+ 42. Ke2 a5 43. Rxd4 Kxd4 44. a3 Nf4+ 45. Kf2 Nxh3+ 46.
Kg3 Ng5 47. Kf4 Ne6+ 48. Kf5 Nc5 49. b4 axb4 50. axb4 Nd3 51. Ke6 e3 52. Bd1
Nf4+ 53. Kf7 e2 54. Bxe2 Nxe2 55. Kxg7 Nf4 56. Kf7 Nxg6 57. Kxg6 Kc3 58. Kf5
Kxb4 59. Ke4 Kc3 0-1

[Event "Madrid-ch Previa A"]
[Site "Madrid ESP"]
[Date "2016.02.22"]
[Round "7.15"]
[White "Santamaria Baeza, Adolfo"]
[Black "Guerrero Gonzalez, Francisco"]
[Result "1-0"]
[WhiteElo "1918"]
[BlackElo "1706"]
[PlyCount "119"]
[EventDate "2016.02.08"]
[EventType "swiss"]
[EventRounds "9"]
[EventCountry "ESP"]
[SourceDate "2016.02.08"]

1. e4 d5 2. exd5 Qxd5 3. Nf3 Bg4 4. Be2 Nf6 5. Nc3 Qa5 6. O-O e6 7. d4 c6 8.
Bd2 Qb6 9. Na4 Qc7 10. c4 Be7 11. b4 O-O 12. Rc1 Nbd7 13. a3 Rfd8 14. Re1 Bd6
15. h3 Bh5 16. Bg5 h6 17. Be3 Bf4 18. Nc3 Nb6 19. Nd2 Bg6 20. Bf1 Rac8 21. Qf3
Bxe3 22. fxe3 Qb8 23. Qf2 e5 24. Nf3 exd4 25. exd4 Qf4 26. g3 Qb8 27. Ne5 Bh7
28. Be2 Nbd7 29. Ng4 Re8 30. Bf3 Bd3 31. Ne2 Ne4 32. Bxe4 Bxe4 33. Rc3 Qd6 34.
Rf1 f5 35. c5 Qg6 36. Nf4 Qg5 37. Ne3 Qf6 38. Nc4 g5 39. Ne2 Re7 40. Nd6 Rf8
41. Re3 b6 42. g4 Bd5 43. Nxf5 Rxe3 44. Qxe3 Kh8 45. Neg3 bxc5 46. bxc5 Qg6 47.
Qe7 Rf7 48. Qd8+ Kh7 49. Re1 Nf6 50. Re7 h5 51. Rxf7+ Qxf7 52. Nd6 Qe6 53. Qc7+
Kg6 54. Ndf5 Nd7 55. gxh5+ Kf7 56. Nd6+ Kg7 57. Ndf5+ Kf7 58. Qd6 Qe8 59. Qg6+
Kf8 60. Qg7# 1-0

[Event "Madrid-ch Previa A"]
[Site "Madrid ESP"]
[Date "2016.02.22"]
[Round "7.16"]
[White "Rueda Maria, Ramiro"]
[Black "Jimenez Jimenez, Darfo"]
[Result "1/2-1/2"]
[WhiteElo "1891"]
[BlackElo "1706"]
[PlyCount "88"]
[EventDate "2016.02.08"]
[EventType "swiss"]
[EventRounds "9"]
[EventCountry "ESP"]
[SourceDate "2016.02.08"]

1. c4 e5 2. Nc3 g6 3. Nf3 Bg7 4. d4 exd4 5. Nxd4 Ne7 6. g3 d5 7. cxd5 Nxd5 8.
Bg2 Nxc3 9. bxc3 O-O 10. O-O c5 11. Nb5 Qxd1 12. Rxd1 a6 13. Nd6 Ra7 14. Rb1 b5
15. Bf4 Be6 16. a3 Bxc3 17. Ne4 Bg7 18. Nxc5 Ba2 19. Rbc1 Bb2 20. Rc2 Bxa3 21.
Bxb8 Rxb8 22. Nxa6 Rxa6 23. Rxa2 b4 24. Bd5 Rab6 25. Bb3 R6b7 26. Rad2 Rc7 27.
Kg2 Rc3 28. Rd3 Rbc8 29. Rd8+ Rxd8 30. Rxd8+ Kg7 31. Rd3 Rxd3 32. exd3 Bb2 33.
Kf3 f5 34. Ke3 Bc1+ 35. Kd4 Kf6 36. f3 Bb2+ 37. Ke3 g5 38. d4 f4+ 39. Ke4 fxg3
40. hxg3 h5 41. f4 gxf4 42. gxf4 Bxd4 43. Kxd4 h4 44. Ke4 h3 1/2-1/2

[Event "Madrid-ch Previa A"]
[Site "Madrid ESP"]
[Date "2016.02.22"]
[Round "7.17"]
[White "Lopez Ziegler, Juan Jose"]
[Black "Fernandez Bonilla, M. Arcangel"]
[Result "1/2-1/2"]
[WhiteElo "1574"]
[BlackElo "1829"]
[PlyCount "56"]
[EventDate "2016.02.08"]
[EventType "swiss"]
[EventRounds "9"]
[EventCountry "ESP"]
[SourceDate "2016.02.08"]

1. d4 Nf6 2. Nf3 e6 3. Bf4 d5 4. e3 Bd6 5. Ne5 O-O 6. Nd2 c5 7. c3 Nc6 8. Bd3
Qc7 9. Ndf3 cxd4 10. exd4 Bd7 11. Bg3 Ne4 12. Nxc6 Bxc6 13. Bxd6 Qxd6 14. Ne5
f6 15. Nxc6 Qxc6 16. O-O Rae8 17. Re1 Ng5 18. Qe2 a6 19. f4 Nf7 20. Qh5 f5 21.
Re3 g6 22. Rg3 Kg7 23. Re1 Nd6 24. Qh4 Qc7 25. Rh3 Kg8 26. Ree3 Qe7 27. Qh6 Qg7
28. Qh4 Qe7 1/2-1/2

[Event "Madrid-ch Previa A"]
[Site "Madrid ESP"]
[Date "2016.02.22"]
[Round "7.19"]
[White "Lopez Peral, Enrique"]
[Black "Lizon Martinez, Santiago"]
[Result "1/2-1/2"]
[WhiteElo "1816"]
[BlackElo "1681"]
[PlyCount "33"]
[EventDate "2016.02.08"]
[EventType "swiss"]
[EventRounds "9"]
[EventCountry "ESP"]
[SourceDate "2016.02.08"]

1. Nf3 Nf6 2. c4 c5 3. g3 g6 4. Bg2 Bg7 5. O-O O-O 6. d4 cxd4 7. Nxd4 Nc6 8.
Nc3 a6 9. Nxc6 dxc6 10. Qxd8 Rxd8 11. Rb1 e5 12. b3 Be6 13. Be3 Bf5 14. Rbd1
Bc2 15. Rc1 Bf5 16. Rfd1 Nd7 17. Rd2 1/2-1/2

[Event "Madrid-ch Previa A"]
[Site "Madrid ESP"]
[Date "2016.02.22"]
[Round "7.20"]
[White "Vazquez Cabeza, Isaac"]
[Black "Marcelo De La Mata, Daniel"]
[Result "1-0"]
[WhiteElo "1724"]
[BlackElo "1623"]
[PlyCount "115"]
[EventDate "2016.02.08"]
[EventType "swiss"]
[EventRounds "9"]
[EventCountry "ESP"]
[SourceDate "2016.02.08"]

1. c4 e5 2. Nc3 d6 3. g3 Ne7 4. Bg2 Ng6 5. Nf3 c6 6. O-O Be7 7. d3 h6 8. a3 a5
9. Qb3 Na6 10. Na4 Nc5 11. Nxc5 dxc5 12. Bd2 Qc7 13. Bc3 O-O 14. Qc2 Bf6 15.
Nd2 Be7 16. Nf3 Re8 17. Qd2 Be6 18. b4 axb4 19. axb4 cxb4 20. Bxb4 Bxb4 21.
Qxb4 Rad8 22. Ra7 Bc8 23. Nd2 Nf8 24. Ne4 Ne6 25. Bh3 c5 26. Qb2 Re7 27. Bg2 f5
28. Nc3 Qd6 29. Nd5 Rf7 30. Nb6 Re7 31. Nxc8 Rxc8 32. Rxb7 Rcc7 33. Rxc7 Qxc7
34. Bd5 Kf7 35. Rb1 Kf6 36. Qb6 f4 37. Bxe6 Qxb6 38. Rxb6 Rxe6 39. Rxe6+ Kxe6
40. e4 g5 41. Kg2 Kf6 42. Kf3 h5 43. gxf4 gxf4 44. Kg2 Kg5 45. Kh3 Kh6 46. Kg2
Kg6 47. Kf3 Kg5 48. Ke2 Kg4 49. f3+ Kg5 50. Kd2 Kh4 51. Kc2 Kg5 52. Kb3 Kh4 53.
Ka4 Kh3 54. d4 exd4 55. e5 d3 56. Kb3 Kh4 57. e6 d2 58. Kc2 1-0

[Event "Madrid-ch Previa A"]
[Site "Madrid ESP"]
[Date "2016.02.22"]
[Round "7.22"]
[White "Diaz Begonte, Manuel"]
[Black "Jimenez Gonzalez, Marcos"]
[Result "0-1"]
[WhiteElo "1656"]
[BlackElo "1807"]
[PlyCount "54"]
[EventDate "2016.02.08"]
[EventType "swiss"]
[EventRounds "9"]
[EventCountry "ESP"]
[SourceDate "2016.02.08"]

1. e4 e6 2. d4 d5 3. exd5 exd5 4. c4 Nf6 5. Nc3 Be7 6. Nf3 O-O 7. Be2 dxc4 8.
Bxc4 c6 9. O-O Bg4 10. Be3 Nbd7 11. h3 Bh5 12. Be2 Nb6 13. Ne5 Bxe2 14. Qxe2
Nbd5 15. Bg5 h6 16. Bh4 Nxc3 17. bxc3 Nd5 18. Bxe7 Qxe7 19. Qf3 Rad8 20. Rfe1
Qg5 21. Rab1 Qd2 22. c4 Nc3 23. Ra1 Qxd4 24. Rac1 Nxa2 25. Rcd1 Qc3 26. Rxd8
Qxe1+ 27. Kh2 Qxe5+ 0-1

[Event "Madrid-ch Previa A"]
[Site "Madrid ESP"]
[Date "2016.02.22"]
[Round "7.23"]
[White "Rodriguez Bachiller, Luis"]
[Black "Martinez Miura, Enrique"]
[Result "0-1"]
[WhiteElo "1685"]
[BlackElo "1653"]
[PlyCount "90"]
[EventDate "2016.02.08"]
[EventType "swiss"]
[EventRounds "9"]
[EventCountry "ESP"]
[SourceDate "2016.02.08"]

1. e4 e6 2. d4 d5 3. Nd2 dxe4 4. Nxe4 Nd7 5. Nf3 Be7 6. Bd3 Ngf6 7. Qe2 h6 8.
c4 b6 9. Bd2 Bb7 10. Nxf6+ Nxf6 11. Bc3 O-O 12. O-O c6 13. Rad1 Qc7 14. h3 c5
15. dxc5 Qxc5 16. Rfe1 Qc6 17. Qf1 Rfd8 18. b3 Qc7 19. Be5 Qc5 20. Bxf6 Bxf6
21. Re3 Qa3 22. Bb1 Qb2 23. Red3 Bxf3 24. Rxf3 Rxd1 25. Qxd1 Rd8 26. Qf1 Rd2
27. Rd3 Bd4 28. Rxd2 Qxd2 29. g4 Qb2 30. Kg2 Bxf2 31. Qxf2 Qxb1 32. Qd2 Qe4+
33. Kf2 Kh7 34. Qe2 Qd4+ 35. Qe3 Qb2+ 36. Qe2 Qb1 37. Ke3 Qc1+ 38. Qd2 Qh1 39.
Kd4 Qxh3 40. Qd3+ Qxd3+ 41. Kxd3 Kg8 42. b4 Kf8 43. a4 Ke7 44. c5 bxc5 45. bxc5
Kd7 0-1

[Event "Madrid-ch Previa A"]
[Site "Madrid ESP"]
[Date "2016.02.22"]
[Round "7.24"]
[White "Fernandez Martinez, Jose"]
[Black "Lucia Carpintero, Oscar"]
[Result "1/2-1/2"]
[WhiteElo "1632"]
[BlackElo "1675"]
[PlyCount "79"]
[EventDate "2016.02.08"]
[EventType "swiss"]
[EventRounds "9"]
[EventCountry "ESP"]
[SourceDate "2016.02.08"]

1. d4 Nf6 2. c4 e6 3. Nc3 d5 4. Nf3 Be7 5. Bf4 a6 6. e3 Nbd7 7. h3 O-O 8. Be2
dxc4 9. Bxc4 b5 10. Be2 Bb7 11. O-O c5 12. dxc5 Nxc5 13. Qxd8 Rfxd8 14. Rfd1
Nd5 15. Nxd5 Rxd5 16. Rxd5 Bxd5 17. b3 b4 18. Rc1 Ne4 19. Be5 a5 20. Bd4 a4 21.
Bd3 axb3 22. axb3 Bf6 23. Bxf6 gxf6 24. Bc4 Rc8 25. Rc2 Bxc4 26. bxc4 b3 27.
Rb2 Rxc4 28. Rxb3 Rc1+ 29. Kh2 Nxf2 30. Rb4 f5 31. Rb2 Nd1 32. Rb3 Rc3 33. Rxc3
Nxc3 34. Kg3 Kg7 35. Ng1 Kf6 36. Nf3 e5 37. Kf2 Ne4+ 38. Ke2 Ng5 39. Nd2 Ne6
40. g3 1/2-1/2

[Event "Madrid-ch Previa A"]
[Site "Madrid ESP"]
[Date "2016.02.22"]
[Round "7.26"]
[White "Martin Rodriguez, Jose Luis"]
[Black "Castro Uceda, Jose Antonio"]
[Result "0-1"]
[WhiteElo "1354"]
[BlackElo "1605"]
[PlyCount "66"]
[EventDate "2016.02.08"]
[EventType "swiss"]
[EventRounds "9"]
[EventCountry "ESP"]
[SourceDate "2016.02.08"]

1. e4 c5 2. Nf3 d6 3. d4 cxd4 4. Nxd4 Nf6 5. Nc3 a6 6. Bg5 e6 7. f4 Be7 8. Qf3
Qc7 9. O-O-O O-O 10. g4 Nc6 11. h4 h6 12. Bxf6 Bxf6 13. Nxc6 Qxc6 14. Bg2 Bxc3
15. Qxc3 Qxc3 16. bxc3 Rd8 17. e5 d5 18. c4 Rb8 19. cxd5 exd5 20. Bxd5 Bxg4 21.
Rd2 b5 22. Re1 Re8 23. Re4 a5 24. Red4 Rbc8 25. Kb2 Kf8 26. Bb7 Rc7 27. Be4 Ke7
28. f5 h5 29. Rd5 Rb8 30. Rf2 a4 31. Rd6 Rc5 32. f6+ gxf6 33. exf6+ Kxd6 0-1

[Event "Madrid-ch Previa A"]
[Site "Madrid ESP"]
[Date "2016.02.22"]
[Round "7.27"]
[White "Sierra Garcia, Ricardo"]
[Black "Veuthey Martinez, Eloy"]
[Result "1/2-1/2"]
[WhiteElo "1800"]
[BlackElo "1537"]
[PlyCount "68"]
[EventDate "2016.02.08"]
[EventType "swiss"]
[EventRounds "9"]
[EventCountry "ESP"]
[SourceDate "2016.02.08"]

1. e4 d6 2. Nf3 Nf6 3. d4 Nxe4 4. Bd3 Nf6 5. O-O Bg4 6. Bg5 Nbd7 7. Nbd2 c6 8.
h3 Bxf3 9. Nxf3 h6 10. Bf4 e6 11. Re1 Be7 12. c4 O-O 13. Qc2 Re8 14. g4 Nf8 15.
Bh2 Qd7 16. Nh4 Nxg4 17. Ng2 Nxh2 18. Kxh2 Bf6 19. Re4 d5 20. Rg4 dxc4 21. Qxc4
Rad8 22. Rd1 Bxd4 23. Rxd4 Qc7+ 24. Kg1 e5 25. Rxd8 Rxd8 26. Qc5 e4 27. Bc2
Rxd1+ 28. Bxd1 b6 29. Qf5 Qe7 30. Ne3 Qe6 31. Bb3 Qxf5 32. Nxf5 Nd7 33. Ne7+
Kf8 34. Nxc6 Nc5 1/2-1/2

[Event "Madrid-ch Previa A"]
[Site "Madrid ESP"]
[Date "2016.02.22"]
[Round "7.30"]
[White "Algaba Traspuesto, Jose Antonio"]
[Black "Ballesteros Jimenez, Miguel A"]
[Result "1-0"]
[WhiteElo "1635"]
[BlackElo "1607"]
[PlyCount "47"]
[EventDate "2016.02.08"]
[EventType "swiss"]
[EventRounds "9"]
[EventCountry "ESP"]
[SourceDate "2016.02.08"]

1. e4 d5 2. exd5 Qxd5 3. Nc3 Qd6 4. d4 Nf6 5. Nf3 c6 6. g3 Bf5 7. Bg2 Nbd7 8.
O-O e6 9. Re1 Be7 10. a3 Nb6 11. Bf4 Qd8 12. Nh4 Bg6 13. Nxg6 hxg6 14. Be5 Nc4
15. Qe2 Nxe5 16. dxe5 Nd7 17. Rad1 Qc7 18. b4 O-O-O 19. b5 Qa5 20. bxc6 Qxc3
21. cxd7+ Rxd7 22. Rxd7 Kxd7 23. Qb5+ Kd8 24. Rd1+ 1-0